Mentiras convencionales de la medicina / (Record no. 163803)

MARC details
000 -LEADER
campo de control de longitud fija 00938nam a22002051 4500
001 - NÚMERO DE CONTROL
campo de control 163803
003 - IDENTIFICADOR DE NÚMERO DE CONTROL
campo de control ES-MaACL
005 - FECHA Y HORA DE LA ÚLTIMA TRANSACCIÓN
campo de control 20251015145326.0
008 - DATOS DE LONGITUD FIJA--INFORMACIÓN GENERAL
campo de control de longitud fija 030310s1899 sp |||| | spa d
040 ## - FUENTE DE CATALOGACIÓN
Centro catalogador/agencia de origen CCPB | B
Lengua de catalogación spa
Centro/agencia transcriptor CCPB | B
100 1# - ENTRADA PRINCIPAL--NOMBRE DE PERSONA
Nombre de persona Rodríguez Pinilla, Hipólito,
Fechas asociadas al nombre 1860-1936
9 (RLIN) 98733
245 10 - MENCIÓN DEL TÍTULO
Título Mentiras convencionales de la medicina /
Mención de responsabilidad, etc. Hipólito Rodríguez Pinilla ; con un prólogo del Dr. Juan Azua.
260 ## - PUBLICACIÓN, DISTRIBUCIÓN, ETC.
Lugar de publicación, distribución, etc. Madrid :
Nombre del editor, distribuidor, etc. [s.n.],
Fecha de publicación, distribución, etc. 1899 (
Fabricante Imp. de los hijos de J. Ducazal)
300 ## - DESCRIPCIÓN FÍSICA
Extensión VI, p. 5-109 ;
Dimensiones 19 cm.
650 #7 - PUNTO DE ACCESO ADICIONAL DE MATERIA--TÉRMINO DE MATERIA
Término de materia o nombre geográfico como elemento de entrada Creencias médicas errónea
Fuente del encabezamiento o término
9 (RLIN) 143529
700 1# - ENTRADA AGREGADA--NOMBRE PERSONAL
Nombre de persona Azúa y Suárez, Juan de,
Fechas asociadas al nombre 1858-1922
9 (RLIN) 141521
852 ## - LOCALIZACIÓN
Ubicación ES-MaACL
Número de control de estantería T-945-F-2
Nota libre -- Enc. hol., conservando la cub. original
-- -- Enc. en un vol. facticio
856 ## - LOCALIZACIÓN Y ACCESO ELECTRÓNICOS
Identificador Uniforme de Recursos <a href="http://bibliotecadigitalhispanica.bne.es:80/webclient/DeliveryManager?pid=1833203&custom_att_2=simple_viewer">http://bibliotecadigitalhispanica.bne.es:80/webclient/DeliveryManager?pid=1833203&custom_att_2=simple_viewer</a>
Nota pública Ir a la página
Holdings
Estatus retirado Estado de pérdida Estado de daño No para préstamo Colección Biblioteca de origen Biblioteca actual Ubicación en estantería Fecha de adquisición Total de préstamos Signatura topográfica completa Código de barras Visto por última vez Precio de reemplazo Tipo de ítem Koha
        Colección de folletos Biblioteca del Ateneo de Madrid Biblioteca del Ateneo de Madrid Depósito folletos 17/01/2008   T-945-F-2 1171664 23/02/2023 23/02/2023 Folleto